Patología y terapéutica especiales de los animales domésticos. (Record no. 116159)

MARC details
000 -LEADER
campo de control de longitud fija 00981nam a2200253 i 4500
001 - NÚMERO DE CONTROL
campo de control 116159
003 - IDENTIFICADOR DE NÚMERO DE CONTROL
campo de control ES-MaACL
005 - FECHA Y HORA DE LA ÚLTIMA TRANSACCIÓN
campo de control 20250815115026.0
007 - CAMPO FIJO DE DESCRIPCIÓN FÍSICA--INFORMACIÓN GENERAL
campo de control de longitud fija t|
008 - DATOS DE LONGITUD FIJA--INFORMACIÓN GENERAL
campo de control de longitud fija 061121s1968 sp r ||||1| spa d
080 ## - NÚMERO DE LA CLASIFICACIÓN DECIMAL UNIVERSAL
Número de la Clasificación Decimal Universal 619(02)
245 00 - MENCIÓN DEL TÍTULO
Título Patología y terapéutica especiales de los animales domésticos.
Número de parte o sección de la obra II,
Nombre de parte o sección de la obra Enfermedades de los órganos /
Mención de responsabilidad, etc. Franz von Hutyra, Rudolf Manninger, Johannes Mócsy ; traducción de la 11ª ed. alemana por Clemente Sánchez-Garnica Montes.
250 ## - MENCION DE EDICION
Mención de edición 2ª ed.
260 ## - PUBLICACIÓN, DISTRIBUCIÓN, ETC.
Lugar de publicación, distribución, etc. Barcelona :
Nombre del editor, distribuidor, etc. Labor,
Fecha de publicación, distribución, etc. 1968.
300 ## - DESCRIPCIÓN FÍSICA
Extensión 1 v. (XIX, 1033 p. :
Otras características físicas il. col. y n.) ;
Dimensiones 25 cm.
650 #7 - PUNTO DE ACCESO ADICIONAL DE MATERIA--TÉRMINO DE MATERIA
Término de materia o nombre geográfico como elemento de entrada Patología veterinaria
Fuente del encabezamiento o término embne
9 (RLIN) 136667
650 #7 - PUNTO DE ACCESO ADICIONAL DE MATERIA--TÉRMINO DE MATERIA
Término de materia o nombre geográfico como elemento de entrada Terapéutica veterinaria
Fuente del encabezamiento o término embne
9 (RLIN) 17482
700 1# - ENTRADA AGREGADA--NOMBRE PERSONAL
Nombre de persona Hutyra, Ferenc (
Fechas asociadas al nombre 1860-1934)
9 (RLIN) 172942
700 1# - ENTRADA AGREGADA--NOMBRE PERSONAL
Nombre de persona Manninger, Rudolf.
9 (RLIN) 76071
700 1# - ENTRADA AGREGADA--NOMBRE PERSONAL
Nombre de persona Mócsy, Janós.
9 (RLIN) 172949
700 1# - ENTRADA AGREGADA--NOMBRE PERSONAL
Nombre de persona Sánchez-Garnica Montes, Clemente.
9 (RLIN) 102666
852 ## - LOCALIZACIÓN
Ubicación ES-MaACL
Número de control de estantería P-382-Ter
Holdings
Estatus retirado Estado de pérdida Estado de daño No para préstamo Biblioteca de origen Biblioteca actual Ubicación en estantería Fecha de adquisición Fuente de adquisición Total de préstamos Signatura topográfica completa Código de barras Visto por última vez Precio de reemplazo Tipo de ítem Koha
        Biblioteca del Ateneo de Madrid Biblioteca del Ateneo de Madrid Depósito 2 17/01/2008     P-382-Ter 1121133 23/02/2023 23/02/2023 Libro impreso